EFL Championship Table 2023/24 - Statistics

General Stats
  • This quiz has been taken 110 times
  • The average score is 18 of 24
Answer Stats
Position Club W D L GD Points % Correct
1 Leicester City 31 4 11 +48 97
99%
3 Leeds United 27 9 10 +38 90
96%
2 Ipswich Town 28 12 6 +35 96
94%
4 Southampton 26 9 11 +24 87
90%
6 Norwich City 21 10 15 +15 73
83%
5 West Bromwich Albion 21 12 13 +23 75
79%
22 Birmingham City 13 11 22 -15 50
76%
24 Rotherham United 5 12 29 -52 27
73%
7 Hull City 19 13 14 +8 70
72%
23 Huddersfield Town 9 18 19 -29 45
71%
9 Coventry City 17 13 16 +11 64
70%
8 Middlesbrough 20 9 17 +9 69
69%
20 Sheffield Wednesday 15 8 23 -24 53
69%
19 Blackburn Rovers 14 11 21 -14 53
68%
21 Plymouth Argyle 13 12 21 -11 51
68%
17 Stoke City 15 11 20 -11 56
68%
14 Swansea City 15 12 19 -6 57
68%
12 Cardiff City 19 5 22 -17 62
67%
10 Preston North End 18 9 19 -11 63
67%
11 Bristol City 17 11 18 +2 62
66%
18 Queens Park Rangers 15 11 20 -11 56
65%
16 Sunderland 16 8 22 -2 56
65%
13 Millwall 16 11 19 -10 59
63%
15 Watford 13 17 16 0 56
62%
No matching quizzes found
Score Distribution
Percent of People with Each Score
Percentile by Number Answered
Your Score History
You have not taken this quiz